| 000 | 00866cam a22002174a 4500 | ||
|---|---|---|---|
| 005 | 20250605164127.0 | ||
| 008 | 250528s ||||||||||||||||||||||||d | ||
| 035 | _a18499 | ||
| 020 | _a71398775 | ||
| 040 |
_aGR-AtMCL _bgre _dGR-AtMCL _eAACR2 |
||
| 245 | 1 | _aSchaum's Easy Outlines Discrete Mathematics / Based on Schaum's Outline Theory and Problems of Discrete Mathematics: Second Edition | |
| 250 | _a2nd | ||
| 260 |
_bMcgraw Hill, _c2003 |
||
| 300 | _a120 | ||
| 520 | _aCompact and portable, this book lets you study discrete mathematics anywhere. Set Theory, Functions and Algorithms, Logic and Propositional Calculus, Counting, Relations, Graph Theory, Binary Trees, Boolean Algebra, Languages and Grammars and Machines, Index. | ||
| 700 | 1 |
_aLipschutz Seymour _94743 |
|
| 700 | 1 |
_aLipson Marc _94761 |
|
| 942 | _cBK | ||
| 999 |
_c3857 _d3857 |
||